000 00287nam a22001337a 4500
008 180824b xxu||||| |||| 00| 0 eng d
020 _a9781929622696
041 _aeng
080 _a61
100 _a2
101 _aSHM
245 _aTREATMENT GUIDELINES
_cCHNA.P.D
942 _2udc
_cBK
999 _c47318
_d47318